Statistics for Municipalities of Kagawa Prefecture

Click here to take the quiz!

General Stats

  • This quiz has been taken 42 times
  • The average score is 12 of 17

Answers on the Map

Answers color-coded by a green-red scale on the quiz's map according to % correct below.
 

Answer Stats

Answer% Correct
Takamatsu 高松
100%
Marugame 丸亀
94%
Sanuki さぬき
88%
Higashikagawa 東かがわ
81%
Kan'onji 観音寺
81%
Shodoshima 小豆島
81%
Sakaide 坂出
75%
Utazu 宇多津
75%
Mitoyo 三豊
69%
Tadotsu 多度津
69%
Zentsuji 善通寺
69%
Kotohira 琴平
63%
Miki 三木
63%
Naoshima 直島
63%
Tonosho 土庄
63%
Ayagawa 綾川
56%
Manno まんのう
56%

Score Distribution

Percentile by Number Answered

Percent of People with Each Score

Your Score History

You have not taken this quiz